Managers and magic

Wedi'i Gadw mewn:
Manylion Llyfryddiaeth
Prif Awdur: Cleverley, Graham
Fformat: Llyfr
Iaith:Undetermined
Cyhoeddwyd: New York Dutton 1973
Pynciau:
Tagiau: Ychwanegu Tag
Dim Tagiau, Byddwch y cyntaf i dagio'r cofnod hwn!
Thư viện lưu trữ: Trung tâm Học liệu Trường Đại học Cần Thơ
LEADER 00496nam a2200193Ia 4500
001 CTU_43900
008 210402s9999 xx 000 0 und d
020 |c 4.95 
082 |a 658.4 
082 |b C635 
100 |a Cleverley, Graham 
245 0 |a Managers and magic 
245 0 |c Graham Cleverley 
260 |a New York 
260 |b Dutton 
260 |c 1973 
650 |a Industrial management,Management 
904 |i Minh,H. Mai 
980 |a Trung tâm Học liệu Trường Đại học Cần Thơ